Fish

Bibliographic Details
Main Author: Khoo,Kevin
Format: Book
Language:English
Published: Selangor : Penerbit Mikamas , 2006
Series:Science Facts Series
Subjects:

MARC

LEADER 00000cam a2200000 7i4500
001 0000064723
005 20090202.0
008 090202 eng
020 |a 9830754219 
090 0 0 |a J 590 KHO 
100 1 |a Khoo,Kevin 
245 1 0 |a Fish   |c Kevin Khoo 
260 |a Selangor :   |b Penerbit Mikamas ,   |c 2006 
300 |a 32p. :   |b ill.col. ;   |c 26cm. 
440 0 |a Science Facts Series 
650 0 0 |a Marine Animals   |x Juvenile Literature 
999 |a 0000003997   |b Buku   |c Koleksi Pinjaman Kanak-Kanak   |e Perbadanan Perpustakaan Awam Melaka 
999 |a 0000003998   |b Buku   |c Koleksi Pinjaman Kanak-Kanak   |e Perbadanan Perpustakaan Awam Melaka 
999 |a 318653   |b Buku   |c Koleksi Pinjaman Kanak-Kanak   |e Perbadanan Perpustakaan Awam Melaka 
999 |a 318654   |b Buku   |c Koleksi Pinjaman Kanak-Kanak   |e Perbadanan Perpustakaan Awam Melaka